| 000 | 00547nam a2200205Ia 4500 | ||
|---|---|---|---|
| 003 | OSt | ||
| 005 | 20260228095605.0 | ||
| 008 | 210716s9999 xx 000 0 und d | ||
| 040 | _cAIMIT LIBRARY | ||
| 041 | _aeng | ||
| 082 |
_a378.01 _21 _bHIGH |
||
| 245 | _aDirectory of higher education / | ||
| 250 | _a1ST ED. | ||
| 260 | _aChennai : | ||
| 300 | _a303P. ; | ||
| 650 |
_aAnimation and cartoons _9257134 |
||
| 650 |
_aFisheries and marine studies _9257135 |
||
| 650 |
_aPackaging technology _9257136 |
||
| 942 |
_2ddc _cBK _e1st _k378.01 HIGH |
||
| 999 |
_c188639 _d188639 |
||